Gaming Quiz

Random Gaming or Pokémon Quiz

Pokemon Alolan Forms Quiz Stats

 Plays Quiz not verified by Sporcle

Challenge
Share
Tweet
Embed
Score 0/18 Timer 03:00
0 Plays Today
Hint Answer % Correct
#015Rattata
90.6%
#026Raichu
90.6%
#253Vulpix
90.6%
#016Raticate
87.5%
#164Marowak
84.4%
#229Geodude
84.4%
#251Sandshrew
84.4%
#254Ninetales
84.4%
#270Exeggutor
84.4%
Hint Answer % Correct
#050Grimer
81.3%
#051Muk
81.3%
#230Graveler
81.3%
#252Sandslash
81.3%
#045Meowth
78.1%
#071Diglett
78.1%
#072Dugtrio
78.1%
#231Golem
78.1%
#046Persain
28.1%

You're not logged in!

Compare scores with friends on all Sporcle quizzes.
Join for Free
OR
Log In

You Might Also Like...

Show Comments

Extras

Created Jan 13, 2017ReportNominate
Tags:Pokémon Quiz

Top Quizzes Today


Score Distribution

Your Account Isn't Verified!

In order to create a playlist on Sporcle, you need to verify the email address you used during registration. Go to your Sporcle Settings to finish the process.

Report this User

Report this user for behavior that violates our Community Guidelines.

Details: